00230 a2200097 450000100060000008200180000610000160002424500500004026000330009030000090012363625 a629.13435 PEN aPenner S.S aChemistry problems in Jet PropulsionhEnglish aLondonbPergamon Pressc1957 a394p